Loading...
History - World History | 0 | 4 | 1 | 1 | 35 | 74 | 102.25 | 0 | 3 |
Literature - World Literature | 0 | 3 | 0 | 2 | 30 | 131 | 134.33 | 0 | 0 |
Literature - American Literature | 0 | 3 | 0 | 0 | 30 | 94 | 125.00 | 0 | 1 |
Fine Arts - Classical Music | 0 | 2 | 0 | 1 | 20 | 133 | 136.50 | 0 | 0 |
Literature - European Literature | 0 | 2 | 0 | 2 | 20 | 128 | 133.50 | 0 | 1 |
Mythology | 0 | 2 | 0 | 2 | 20 | 130 | 134.50 | 0 | 0 |
Science - Other Science | 0 | 2 | 0 | 1 | 20 | 132 | 137.00 | 0 | 0 |
History - Other History | 0 | 2 | 1 | 2 | 15 | 136 | 140.00 | 0 | 1 |
Social Science | 0 | 1 | 0 | 0 | 10 | 82 | 82.00 | 0 | 1 |
Literature - British Literature | 0 | 1 | 0 | 0 | 10 | 136 | 136.00 | 0 | 0 |
Other | 0 | 1 | 0 | 0 | 10 | 109 | 109.00 | 0 | 0 |
Religion | 0 | 1 | 0 | 0 | 10 | 110 | 110.00 | 0 | 1 |
Science - Chemistry | 0 | 1 | 0 | 1 | 10 | 108 | 108.00 | 0 | 0 |
History - European History | 0 | 2 | 2 | 0 | 10 | 112 | 113.50 | 0 | 1 |
History - American History | 0 | 1 | 1 | 0 | 5 | 95 | 95.00 | 0 | 1 |
Philosophy | 0 | 0 | 0 | 0 | 0 | 0.00 | 0 | 0 | |
Fine Arts - Painting & Sculpture | 0 | 0 | 0 | 0 | 0 | 0.00 | 0 | 0 | |
Science - Biology | 0 | 0 | 1 | 0 | -5 | 0.00 | 0 | 0 | |
Science - Physics | 0 | 0 | 1 | 0 | -5 | 0.00 | 0 | 0 |